[Event "I Memorial Oliver Gonzalez Somoza"]
[Site "Madrid ESP"]
[Date "2010.10.11"]
[Round "3.18"]
[White "Collado Barbas, Laura"]
[Black "Piasetski, Leon"]
[Result "0-1"]
[WhiteElo "2058"]
[BlackElo "2303"]
[PlyCount "88"]
[EventDate "2010.10.09"]
[EventType "swiss"]
[EventRounds "9"]
[EventCountry "ESP"]
[Source "lmi"]
[SourceDate "2010.10.09"]

1. d4 g6 2. c4 Bg7 3. Nf3 d6 4. e4 Bg4 5. Be2 Nc6 6. Be3 e5 7. d5 Bxf3 8. Bxf3
Nd4 9. Bxd4 exd4 10. Na3 Ne7 11. O-O c5 12. dxc6 bxc6 13. b4 O-O 14. Rb1 a5 15.
b5 c5 16. Qc2 Rb8 17. Be2 Nc8 18. f4 Nb6 19. Rbe1 g5 20. e5 f5 21. exf6 Rxf6
22. Bd3 Rh6 23. fxg5 Qxg5 24. Rf3 Be5 25. g3 Nd7 26. Rf5 Qg7 27. Qg2 Nf6 28.
Be2 Kh8 29. Qf3 Rg8 30. Bd1 Rg6 31. Rexe5 dxe5 32. Rxe5 Ng4 33. Rh5 Nxh2 34.
Kxh2 Rxg3 35. Qf4 Rxa3 36. Qe5 Rxa2+ 37. Kh3 Ra1 38. Bf3 Ra3 39. Qxg7+ Kxg7 40.
Kg4 Rf8 41. Bd5 Rf6 42. Be4 Re3 43. Rxh7+ Kg8 44. Bb1 Re1 0-1

[Event "I Memorial Oliver Gonzalez Somoza"]
[Site "Madrid ESP"]
[Date "2010.10.11"]
[Round "3.19"]
[White "Madurga Lopez, Ignacio"]
[Black "Martinez Rodriguez, Pablo"]
[Result "1/2-1/2"]
[WhiteElo "2010"]
[BlackElo "2239"]
[PlyCount "51"]
[EventDate "2010.10.09"]
[EventType "swiss"]
[EventRounds "9"]
[EventCountry "ESP"]
[Source "lmi"]
[SourceDate "2010.10.09"]

1. e4 c6 2. d4 d5 3. exd5 cxd5 4. Bd3 Nc6 5. c3 Nf6 6. Bf4 Bg4 7. Qb3 Qc8 8.
Nd2 e6 9. Ngf3 Be7 10. O-O Bh5 11. Ne5 Nxe5 12. dxe5 Nd7 13. c4 d4 14. Be4 Nc5
15. Qb5+ Qd7 16. Qxd7+ Kxd7 17. Bf3 Bg6 18. Nb3 Nxb3 19. axb3 Rhb8 20. Rfd1 Bc5
21. Be3 Bc2 22. Rd2 Kc7 23. Bxd4 Rd8 24. Rxc2 Rxd4 25. Ra5 Bb6 26. Ra1 1/2-1/2

[Event "I Memorial Oliver Gonzalez Somoza"]
[Site "Madrid ESP"]
[Date "2010.10.11"]
[Round "3.22"]
[White "Molina Garcia, Francisco J"]
[Black "Gonzalez Tedin, Antonio"]
[Result "0-1"]
[WhiteElo "1861"]
[BlackElo "2156"]
[PlyCount "62"]
[EventDate "2010.10.09"]
[EventType "swiss"]
[EventRounds "9"]
[EventCountry "ESP"]
[Source "lmi"]
[SourceDate "2010.10.09"]

1. e4 e6 2. d3 d5 3. Nd2 c5 4. g3 Bd6 5. Bg2 Ne7 6. Ngf3 Nbc6 7. O-O O-O 8. Nh4
b6 9. f4 f5 10. Re1 Bc7 11. exf5 exf5 12. Nhf3 Qd6 13. Ng5 h6 14. Ngf3 Bb7 15.
d4 Rae8 16. dxc5 bxc5 17. c4 d4 18. Ne5 Ba8 19. Nxc6 Bxc6 20. Nf3 Ng6 21. Rxe8
Rxe8 22. Bd2 a5 23. Qc2 Be4 24. Qa4 Rb8 25. Bxa5 Bxa5 26. Qxa5 Rxb2 27. a4 Nxf4
28. gxf4 Qxf4 29. Qd8+ Kh7 30. Rf1 Qe3+ 31. Kh1 Qe2 0-1

[Event "I Memorial Oliver Gonzalez Somoza"]
[Site "Madrid ESP"]
[Date "2010.10.11"]
[Round "3.23"]
[White "Illan Gomez, Miguel"]
[Black "Perez De Aranda A., Leonardo I"]
[Result "0-1"]
[WhiteElo "1804"]
[BlackElo "2148"]
[PlyCount "64"]
[EventDate "2010.10.09"]
[EventType "swiss"]
[EventRounds "9"]
[EventCountry "ESP"]
[Source "lmi"]
[SourceDate "2010.10.09"]

1. d4 d5 2. Nf3 Nf6 3. c4 dxc4 4. Nc3 a6 5. a4 Nc6 6. a5 e6 7. e3 Bb4 8. Bxc4
O-O 9. O-O Bxa5 10. Qc2 Bb6 11. Ne4 Nb4 12. Nxf6+ Qxf6 13. Qe4 Bd7 14. Bd2 Bc6
15. Qe5 Nd5 16. b4 Rfe8 17. Qg5 Qxg5 18. Nxg5 Nf6 19. Rfc1 h6 20. Nf3 Ne4 21.
Be1 Nd6 22. Be2 f6 23. Nd2 e5 24. Nc4 exd4 25. Bh5 Nxc4 26. Bxe8 Rxe8 27. Rxc4
dxe3 28. fxe3 Rxe3 29. Bf2 Re2 30. Rxc6 bxc6 31. Bxb6 cxb6 32. Rxa6 b5 0-1

[Event "I Memorial Oliver Gonzalez Somoza"]
[Site "Madrid ESP"]
[Date "2010.10.11"]
[Round "3.25"]
[White "Barajas Fernandez, Helios"]
[Black "Perez Mitjans, Orelvis"]
[Result "0-1"]
[WhiteElo "1976"]
[BlackElo "2445"]
[PlyCount "50"]
[EventDate "2010.10.09"]
[EventType "swiss"]
[EventRounds "9"]
[EventCountry "ESP"]
[Source "lmi"]
[SourceDate "2010.10.09"]

1. e4 d5 2. exd5 Qxd5 3. Nc3 Qa5 4. Bc4 Nf6 5. Nge2 Nc6 6. d3 Bf5 7. O-O e6 8.
Ng3 Bg6 9. Bf4 O-O-O 10. Nb5 e5 11. Bd2 Qb6 12. a4 a6 13. a5 Qc5 14. Be3 Qxc4
15. dxc4 Rxd1 16. Rfxd1 axb5 17. cxb5 Nb4 18. a6 bxa6 19. bxa6 Bd6 20. Ra5 Kd7
21. a7 Ra8 22. Rb5 Nc6 23. Rd2 Kc8 24. c4 Nxa7 25. Ra5 Bb4 0-1

[Event "I Memorial Oliver Gonzalez Somoza"]
[Site "Madrid ESP"]
[Date "2010.10.11"]
[Round "3.27"]
[White "Tirado Parra, Alberto"]
[Black "Gallardo Garcia, Andres"]
[Result "0-1"]
[WhiteElo "1951"]
[BlackElo "2373"]
[PlyCount "56"]
[EventDate "2010.10.09"]
[EventType "swiss"]
[EventRounds "9"]
[EventCountry "ESP"]
[Source "lmi"]
[SourceDate "2010.10.09"]

1. b3 e5 2. Bb2 Nc6 3. e3 Nf6 4. Bb5 Bd6 5. Na3 Na5 6. Nf3 c6 7. Be2 Qe7 8. Nb1
b5 9. d4 e4 10. Nfd2 O-O 11. a3 Rb8 12. O-O Bc7 13. b4 Nb7 14. c4 a6 15. c5 d5
16. cxd6 Nxd6 17. Nc3 Re8 18. Qc2 h5 19. Rac1 h4 20. d5 Nf5 21. Ncxe4 Nxe4 22.
Nxe4 Qxe4 23. Bd3 Qxd5 24. e4 Qd6 25. e5 Rxe5 26. Qxc6 Re7 27. Qxd6 Nxd6 28.
Rfd1 Bg4 0-1

[Event "I Memorial Oliver Gonzalez Somoza"]
[Site "Madrid ESP"]
[Date "2010.10.11"]
[Round "3.28"]
[White "Serrano Salvador, Eduardo"]
[Black "Baeza Escudero, Javier"]
[Result "1-0"]
[WhiteElo "2352"]
[BlackElo "1986"]
[PlyCount "41"]
[EventDate "2010.10.09"]
[EventType "swiss"]
[EventRounds "9"]
[EventCountry "ESP"]
[Source "lmi"]
[SourceDate "2010.10.09"]

1. d4 d5 2. Nf3 Nf6 3. e3 e6 4. c4 Be7 5. Nbd2 O-O 6. Bd3 b6 7. O-O Bb7 8. Qc2
dxc4 9. Nxc4 Na6 10. a3 c5 11. Qe2 cxd4 12. exd4 Nc7 13. Nce5 Ncd5 14. Re1 Rc8
15. Ng5 Qd6 16. Bb1 Rxc1 17. Rxc1 Nf4 18. Qc2 Bxg2 19. Qd2 N6h5 20. Bxh7+ Kh8
21. Nexf7+ 1-0

[Event "I Memorial Oliver Gonzalez Somoza"]
[Site "Madrid ESP"]
[Date "2010.10.11"]
[Round "3.29"]
[White "Cueto, Johnny"]
[Black "Cuadrado Lopez, Francisco Javier"]
[Result "1-0"]
[WhiteElo "2301"]
[BlackElo "1971"]
[PlyCount "111"]
[EventDate "2010.10.09"]
[EventType "swiss"]
[EventRounds "9"]
[EventCountry "ESP"]
[Source "lmi"]
[SourceDate "2010.10.09"]

1. d4 f5 2. Bf4 Nf6 3. e3 e6 4. Be2 b6 5. Bf3 Nc6 6. h3 Bb7 7. g4 Bd6 8. Bxd6
cxd6 9. gxf5 exf5 10. Nc3 a6 11. Nge2 Qc7 12. Nf4 Ne7 13. Rg1 g6 14. d5 Qc5 15.
Qd2 b5 16. O-O-O Kf7 17. h4 Rhg8 18. a3 Qb6 19. Qd4 Qxd4 20. Rxd4 Rac8 21. a4
Rc5 22. axb5 axb5 23. Nd3 Rc4 24. Nxb5 Rxd4 25. Nxd6+ Kf8 26. exd4 Bxd5 27.
Bxd5 Nexd5 28. c4 Ke7 29. Nxf5+ gxf5 30. Rxg8 Nxg8 31. cxd5 Nf6 32. Nf4 Kd6 33.
Kd2 Kc7 34. f3 Kb6 35. Kd3 Kb5 36. Kc3 h6 37. Kb3 Ng8 38. Ne2 Ne7 39. Nc3+ Kb6
40. d6 Ng6 41. Nd5+ Kb5 42. h5 Nh4 43. Ne7 f4 44. Kc3 Nxf3 45. Kd3 Ng5 46. Nf5
Kc6 47. Nxh6 Kxd6 48. Ng4 Ke6 49. b4 d5 50. b5 Kd6 51. h6 Kc7 52. Nf6 Kb6 53.
h7 Nf7 54. Nxd5+ Kxb5 55. Nxf4 Nh8 56. Ke4 1-0

[Event "I Memorial Oliver Gonzalez Somoza"]
[Site "Madrid ESP"]
[Date "2010.10.11"]
[Round "3.30"]
[White "Camarero Izquierdo, Juan Carlos"]
[Black "Bandres Carballo, Julio"]
[Result "0-1"]
[WhiteElo "1941"]
[BlackElo "2201"]
[PlyCount "90"]
[EventDate "2010.10.09"]
[EventType "swiss"]
[EventRounds "9"]
[EventCountry "ESP"]
[Source "lmi"]
[SourceDate "2010.10.09"]

1. e4 e5 2. Nf3 Nc6 3. d4 exd4 4. Nxd4 Bc5 5. Be3 Qf6 6. c3 Nge7 7. Bc4 Bb6 8.
O-O O-O 9. Na3 Ne5 10. Be2 d5 11. f4 N5c6 12. e5 Qh4 13. Nac2 Nxd4 14. Nxd4 c5
15. g3 Qh6 16. Nb3 Bh3 17. Re1 Rac8 18. Bg4 Rc6 19. f5 g5 20. f6 Ng6 21. Bxh3
Qxh3 22. Bxg5 h6 23. Bc1 Re8 24. Qxd5 Rxf6 25. Bg5 Rfe6 26. Bf6 Rc6 27. c4 a5
28. Nd2 Bc7 29. Nf3 Qe6 30. Re4 Qxd5 31. cxd5 Rxf6 32. exf6 Rxe4 33. Rd1 Ne5
34. d6 Nxf3+ 35. Kf2 Bxd6 36. Rxd6 Ne5 37. Rb6 Rb4 38. Rxb4 axb4 39. b3 Kh7 40.
Ke3 Kg6 41. Ke4 Kxf6 42. Kd5 b6 43. Kd6 Kf5 44. Kc7 b5 45. Kb6 c4 0-1

[Event "I Memorial Oliver Gonzalez Somoza"]
[Site "Madrid ESP"]
[Date "2010.10.11"]
[Round "3.31"]
[White "Pastor Alonso De Prado, Emilio A"]
[Black "Gomez Ferrer, Jesus"]
[Result "1-0"]
[WhiteElo "2199"]
[BlackElo "1942"]
[PlyCount "137"]
[EventDate "2010.10.09"]
[EventType "swiss"]
[EventRounds "9"]
[EventCountry "ESP"]
[Source "lmi"]
[SourceDate "2010.10.09"]

1. e4 c5 2. c3 d5 3. exd5 Qxd5 4. d4 cxd4 5. cxd4 Nc6 6. Be3 e6 7. Nc3 Bb4 8.
Nf3 Nf6 9. Bd3 Qa5 10. Qc2 Nd5 11. Bd2 h6 12. O-O Nxc3 13. bxc3 Bd6 14. Rfe1
O-O 15. Rab1 a6 16. c4 Qh5 17. Bc3 Ne7 18. Bb4 Bxb4 19. Rxb4 Nc6 20. Rb6 Rd8
21. Qb2 Ra7 22. Be4 Qa5 23. Re3 Kf8 24. g4 Qa4 25. Qa3+ Qxa3 26. Rxa3 Nxd4 27.
Ne5 Ne2+ 28. Kg2 Nf4+ 29. Kf3 g5 30. c5 Rd1 31. Rab3 Rc1 32. Bxb7 Bxb7+ 33.
Rxb7 Rxb7 34. Rxb7 Ke8 35. Nxf7 Rxc5 36. Nxh6 Ra5 37. Nf7 Ng6 38. Ke3 Ra3+ 39.
Kd4 Ra5 40. Nd6+ Kd8 41. Ne4 Rd5+ 42. Ke3 Ne7 43. Rb6 Ra5 44. Rxe6 Nd5+ 45. Kd4
Nf4 46. Rh6 Rxa2 47. Nxg5 a5 48. Ne4 a4 49. Ke5 Nd3+ 50. Kd6 Kc8 51. Rf6 Rb2
52. Rf8+ Kb7 53. Rf3 Rb6+ 54. Ke7 Ne5 55. Nc5+ Kc7 56. Nxa4 Nc6+ 57. Kf8 Rb8+
58. Kg7 Rb4 59. Rf7+ Kd6 60. Rf6+ Kc7 61. f4 Rxa4 62. h4 Ne7 63. h5 Nd5 64.
Rf7+ Kd6 65. h6 Nxf4 66. Rxf4 Rxf4 67. g5 Rg4 68. g6 Ke7 69. h7 1-0

[Event "I Memorial Oliver Gonzalez Somoza"]
[Site "Madrid ESP"]
[Date "2010.10.11"]
[Round "3.32"]
[White "Suarez Uriel, Adrian"]
[Black "Panero Cabero, Gregorio"]
[Result "1-0"]
[WhiteElo "2180"]
[BlackElo "1936"]
[PlyCount "47"]
[EventDate "2010.10.09"]
[EventType "swiss"]
[EventRounds "9"]
[EventCountry "ESP"]
[Source "lmi"]
[SourceDate "2010.10.09"]

1. e4 e6 2. d4 d5 3. Nc3 Bb4 4. exd5 exd5 5. Bd3 c6 6. Nge2 Bg4 7. O-O Ne7 8.
Qe1 Bf5 9. Bxf5 Nxf5 10. Ng3+ Ne7 11. Nh5 O-O 12. Qe5 f6 13. Qe6+ Kh8 14. Ne2
Ng6 15. Nef4 Nxf4 16. Nxf4 Qd7 17. c3 Bd6 18. Re1 Qxe6 19. Rxe6 Bc7 20. Bd2 Na6
21. Rae1 Bb6 22. Re7 Nc7 23. Ne6 Nxe6 24. R1xe6 1-0

[Event "I Memorial Oliver Gonzalez Somoza"]
[Site "Madrid ESP"]
[Date "2010.10.11"]
[Round "3.34"]
[White "Nieto De La Cruz, Julio"]
[Black "Rodriguez Dorado, Victor Manuel"]
[Result "0-1"]
[WhiteElo "2147"]
[BlackElo "1923"]
[PlyCount "126"]
[EventDate "2010.10.09"]
[EventType "swiss"]
[EventRounds "9"]
[EventCountry "ESP"]
[Source "lmi"]
[SourceDate "2010.10.09"]

1. d4 Nf6 2. c4 g6 3. Nc3 Bg7 4. e4 d6 5. f4 O-O 6. Nf3 c5 7. dxc5 dxc5 8. Qxd8
Rxd8 9. e5 Ne8 10. Be3 b6 11. Be2 Bb7 12. O-O Nc7 13. a3 Nc6 14. Rfd1 f6 15.
Nb5 Ne6 16. Bd3 fxe5 17. f5 gxf5 18. Bxf5 Ned4 19. Bxd4 Nxd4 20. Nbxd4 cxd4 21.
Ng5 Bh6 22. Bxh7+ Kg7 23. Be4 Bxe4 24. Nxe4 Rac8 25. b3 Be3+ 26. Kh1 b5 27. c5
d3 28. b4 Rd4 29. Nc3 a6 30. a4 d2 31. axb5 axb5 32. Rf1 Rxb4 33. Nd5 Bxc5 34.
Nxb4 Bxb4 35. g3 e4 36. Kg2 Bc3 37. Rab1 Rd8 38. Kf2 Rd3 39. Ke2 b4 40. Rf4 Rd4
41. Rff1 e5 42. g4 Kg6 43. h4 Rd3 44. Rf5 Rg3 45. Rg5+ Kf6 46. Rf1+ Rf3 47.
Rf5+ Rxf5 48. Rxf5+ Ke6 49. h5 b3 50. h6 e3 51. h7 e4 52. Rf4 b2 53. Rf1 Bd4
54. g5 Kd5 55. g6 Kc4 56. g7 Bxg7 57. Kxe3 Kc3 58. Ke2 Kc2 59. Rg1 Bd4 60. Rh1
e3 61. Kf3 d1=Q+ 62. Rxd1 Kxd1 63. Ke4 b1=Q+ 0-1

[Event "I Memorial Oliver Gonzalez Somoza"]
[Site "Madrid ESP"]
[Date "2010.10.11"]
[Round "3.35"]
[White "Rasskin Friederichs, Ivan"]
[Black "Cabañas Jimenez, Manuel"]
[Result "1-0"]
[WhiteElo "1905"]
[BlackElo "2141"]
[PlyCount "133"]
[EventDate "2010.10.09"]
[EventType "swiss"]
[EventRounds "9"]
[EventCountry "ESP"]
[Source "lmi"]
[SourceDate "2010.10.09"]

1. d3 d5 2. Nd2 c5 3. e4 Nc6 4. Ngf3 Bg4 5. h3 Bh5 6. g4 Bg6 7. Bg2 e6 8. O-O
Nf6 9. Re1 dxe4 10. Nh4 exd3 11. Nxg6 hxg6 12. cxd3 Qxd3 13. Qa4 Qd7 14. Nc4
Rc8 15. Bf4 Nd5 16. Rad1 Nd4 17. Qxd7+ Kxd7 18. Bxd5 exd5 19. Ne5+ Ke6 20.
Nxg6+ Kd7 21. Nxh8 Nf3+ 22. Kf1 Nxe1 23. Rxe1 f6 24. Ng6 b5 25. Nxf8+ Rxf8 26.
Rc1 Rc8 27. Be3 c4 28. a3 a5 29. Bd2 Ra8 30. Bc3 Kd6 31. f3 Kc5 32. Bxa5 d4 33.
Bb4+ Kd5 34. Re1 Rc8 35. Rd1 Ke5 36. Kf2 g5 37. Ba5 Rc6 38. Rc1 Kd5 39. Kg3 Re6
40. Re1 Rc6 41. h4 gxh4+ 42. Kxh4 c3 43. bxc3 dxc3 44. Rc1 c2 45. Bd2 Kd4 46.
Re1 Rc3 47. Bxc3+ Kxc3 48. f4 Kd2 49. Rf1 c1=Q 50. Rxc1 Kxc1 51. g5 fxg5+ 52.
fxg5 Kb2 53. g6 Kxa3 54. g7 b4 55. g8=Q b3 56. Qf8+ Ka2 57. Qf7 Ka3 58. Qa7+
Kb2 59. Kg3 Kc2 60. Qa4 Kc3 61. Qa3 Kc2 62. Qc5+ Kb1 63. Kf2 b2 64. Ke2 Ka2 65.
Qc2 Ka1 66. Qa4+ Kb1 67. Kd3 1-0

[Event "I Memorial Oliver Gonzalez Somoza"]
[Site "Madrid ESP"]
[Date "2010.10.11"]
[Round "3.36"]
[White "Ramos Aldoradin, John Paul"]
[Black "Bolea Jover, Jose"]
[Result "0-1"]
[WhiteElo "2126"]
[BlackElo "1909"]
[PlyCount "60"]
[EventDate "2010.10.09"]
[EventType "swiss"]
[EventRounds "9"]
[EventCountry "ESP"]
[Source "lmi"]
[SourceDate "2010.10.09"]

1. e4 d5 2. exd5 Nf6 3. Bb5+ Bd7 4. Be2 Bf5 5. Nf3 Nxd5 6. d4 e6 7. O-O Be7 8.
a3 Nc6 9. h3 O-O 10. c4 Nb6 11. Nc3 Bf6 12. Be3 Qd7 13. Qb3 Nxd4 14. Nxd4 Bxd4
15. Rad1 c5 16. Bxd4 cxd4 17. c5 Qc6 18. Bf3 Qxc5 19. Ne4 Bxe4 20. Bxe4 Rab8
21. f4 Rfd8 22. f5 e5 23. f6 g6 24. h4 d3+ 25. Kh2 Rd4 26. Rfe1 d2 27. Re3 Nc4
28. h5 Nxe3 29. hxg6 hxg6 30. Qxe3 Rbd8 0-1

[Event "I Memorial Oliver Gonzalez Somoza"]
[Site "Madrid ESP"]
[Date "2010.10.11"]
[Round "3.37"]
[White "Pablos Tenrero, Raquel"]
[Black "Pascual Palomo, Lucia"]
[Result "0-1"]
[WhiteElo "1884"]
[BlackElo "2126"]
[PlyCount "60"]
[EventDate "2010.10.09"]
[EventType "swiss"]
[EventRounds "9"]
[EventCountry "ESP"]
[Source "lmi"]
[SourceDate "2010.10.09"]

1. e4 e6 2. d4 d5 3. Nd2 c5 4. exd5 Qxd5 5. Ngf3 cxd4 6. Bc4 Qd6 7. O-O Nc6 8.
Nb3 Nf6 9. Nbxd4 Nxd4 10. Nxd4 a6 11. c3 Qc7 12. Bd3 Bd7 13. Bg5 O-O-O 14. Qe2
Bd6 15. g3 h6 16. Be3 Nd5 17. Bd2 Kb8 18. a3 h5 19. c4 Ne7 20. b4 h4 21. Rab1
hxg3 22. hxg3 Bxg3 23. b5 Bh2+ 24. Kg2 e5 25. bxa6 Bh3+ 26. Kh1 Bxf1 27. Qxf1
Rxd4 28. Be2 Bf4+ 29. Kg1 Bh2+ 30. Kg2 Qc6+ 0-1

[Event "I Memorial Oliver Gonzalez Somoza"]
[Site "Madrid ESP"]
[Date "2010.10.11"]
[Round "3.38"]
[White "Blanco Sanchez, Jose Fernando"]
[Black "Morona Minguez, Irene"]
[Result "1-0"]
[WhiteElo "2123"]
[BlackElo "1815"]
[PlyCount "105"]
[EventDate "2010.10.09"]
[EventType "swiss"]
[EventRounds "9"]
[EventCountry "ESP"]
[Source "lmi"]
[SourceDate "2010.10.09"]

1. e4 c5 2. Nc3 Nc6 3. g3 g6 4. Bg2 Bg7 5. d3 e5 6. Nge2 d6 7. Nd5 Be6 8. O-O
Nge7 9. f4 f5 10. fxe5 dxe5 11. Bg5 h6 12. Nxe7 Nxe7 13. Be3 Qc7 14. Qd2 g5 15.
Bh3 O-O 16. Nc3 Rad8 17. b3 Bd7 18. exf5 Bxf5 19. Bxf5 Nxf5 20. Ne4 Nd4 21. Qg2
b6 22. Rxf8+ Rxf8 23. Rf1 Rxf1+ 24. Kxf1 Qf7+ 25. Ke1 Qf3 26. Qxf3 Nxf3+ 27.
Ke2 Nxh2 28. Nd6 Bf6 29. Nc8 Kf7 30. Nxa7 Ke6 31. a4 Kd5 32. b4 Bd8 33. c4+ Kd6
34. bxc5+ bxc5 35. Bd2 h5 36. Nb5+ Kc6 37. Nc3 h4 38. gxh4 gxh4 39. Ne4 Ng4 40.
Kf3 Nf6 41. Nxf6 Bxf6 42. Kg4 Bd8 43. Be1 Kd6 44. Bxh4 Ba5 45. Kf5 Bc3 46. Bg3
Bd4 47. Be1 Kc6 48. Ke6 Kc7 49. Bg3 Kb6 50. Bxe5 Be3 51. Kd5 Bf2 52. Bd6 Be3
53. Bxc5+ 1-0

[Event "I Memorial Oliver Gonzalez Somoza"]
[Site "Madrid ESP"]
[Date "2010.10.11"]
[Round "3.39"]
[White "Tevar Sanz, Gonzalo"]
[Black "Montañes Arribas, Adrian"]
[Result "0-1"]
[WhiteElo "1878"]
[BlackElo "2114"]
[PlyCount "58"]
[EventDate "2010.10.09"]
[EventType "swiss"]
[EventRounds "9"]
[EventCountry "ESP"]
[Source "lmi"]
[SourceDate "2010.10.09"]

1. d4 Nf6 2. Bf4 d5 3. e3 c5 4. c3 Nc6 5. dxc5 e5 6. Bg5 Bxc5 7. Bxf6 gxf6 8.
Bb5 Qb6 9. Qb3 Be6 10. Qa4 Rg8 11. Ne2 Rxg2 12. b4 Bd6 13. Ng3 d4 14. exd4 exd4
15. c4 a6 16. Bxc6+ Qxc6 17. Qxc6+ bxc6 18. c5 Be5 19. Nd2 d3 20. Rd1 Bc3 21.
Nge4 Bxb4 22. Nxf6+ Ke7 23. Nfe4 Bd5 24. Kf1 Rag8 25. Re1 Kd8 26. Rb1 Ba5 27.
Rb8+ Kc7 28. Rxg8 Rxg8 29. Nb3 Bxe4 0-1

[Event "I Memorial Oliver Gonzalez Somoza"]
[Site "Madrid ESP"]
[Date "2010.10.11"]
[Round "3.40"]
[White "Garcia Diaz, Victor Manuel"]
[Black "Nuñez Miranda, Adrian"]
[Result "1-0"]
[WhiteElo "2108"]
[BlackElo "1811"]
[PlyCount "75"]
[EventDate "2010.10.09"]
[EventType "swiss"]
[EventRounds "9"]
[EventCountry "ESP"]
[Source "lmi"]
[SourceDate "2010.10.09"]

1. e4 e5 2. Nf3 d6 3. Bc4 Be7 4. d4 Nf6 5. dxe5 dxe5 6. Qxd8+ Bxd8 7. Nxe5 O-O
8. Nc3 Nc6 9. Nxc6 bxc6 10. Bf4 Nh5 11. Be3 Bf6 12. O-O-O Bxc3 13. bxc3 Nf6 14.
f3 Be6 15. Bxe6 fxe6 16. Rd4 Ne8 17. Rd7 Rf7 18. Rxf7 Kxf7 19. e5 Rd8 20. Rd1
Rxd1+ 21. Kxd1 a6 22. Ke2 Ke7 23. Kd3 g6 24. Bh6 Kd7 25. Kc4 Ke7 26. Kc5 Kd7
27. a4 g5 28. Bxg5 Ng7 29. g4 h5 30. Bh6 hxg4 31. fxg4 Ne8 32. Bf8 Kd8 33. Kxc6
Kc8 34. h4 Kd8 35. h5 Kc8 36. h6 Kb8 37. h7 Ka7 38. Bc5+ 1-0

[Event "I Memorial Oliver Gonzalez Somoza"]
[Site "Madrid ESP"]
[Date "2010.10.11"]
[Round "3.41"]
[White "Tolosana Esteban, Enrique"]
[Black "Suarez Triguero, Jose Alfonso"]
[Result "1-0"]
[WhiteElo "1772"]
[BlackElo "2099"]
[PlyCount "35"]
[EventDate "2010.10.09"]
[EventType "swiss"]
[EventRounds "9"]
[EventCountry "ESP"]
[Source "lmi"]
[SourceDate "2010.10.09"]

1. f4 d6 2. e4 Nf6 3. e5 Ng8 4. Nf3 Bg4 5. Be2 c5 6. h3 Bd7 7. O-O Nc6 8. b3 d5
9. Ba3 e6 10. d4 b6 11. c3 h5 12. Qe1 Nh6 13. Qf2 cxd4 14. Bxf8 Kxf8 15. cxd4
Nf5 16. Bd3 h4 17. Bxf5 exf5 18. Nc3 1-0

[Event "I Memorial Oliver Gonzalez Somoza"]
[Site "Madrid ESP"]
[Date "2010.10.11"]
[Round "3.42"]
[White "Cortes Jurado, Rafael"]
[Black "Gomez Fernandez, Jesus"]
[Result "1-0"]
[WhiteElo "2083"]
[BlackElo "1796"]
[PlyCount "116"]
[EventDate "2010.10.09"]
[EventType "swiss"]
[EventRounds "9"]
[EventCountry "ESP"]
[Source "lmi"]
[SourceDate "2010.10.09"]

1. d4 Nf6 2. Nf3 g6 3. g3 Bg7 4. Bg2 O-O 5. O-O d6 6. c4 c5 7. Nc3 a6 8. e4
cxd4 9. Nxd4 Qc7 10. b3 Nc6 11. Nde2 Bg4 12. Bb2 Bxe2 13. Qxe2 Nd4 14. Qd2 e5
15. Nd1 Nd7 16. Ne3 Nc5 17. Nd5 Qd8 18. f4 f5 19. exf5 Nxf5 20. fxe5 dxe5 21.
Rae1 Nd7 22. Ba3 Re8 23. g4 Nd4 24. Qf2 Kh8 25. Be4 Ne6 26. h4 Nf4 27. Nxf4
exf4 28. Bxb7 Rxe1 29. Rxe1 Rb8 30. Bd5 Ne5 31. Bb2 Nxg4 32. Bxg7+ Kxg7 33.
Qxf4 Nf6 34. Qe5 Rc8 35. Qe7+ Kh6 36. Qe3+ Kg7 37. Qa7+ Rc7 38. Qd4 Rd7 39. Qe5
Qb6+ 40. Kh1 Qf2 41. Re2 Qc5 42. h5 Qb6 43. hxg6 hxg6 44. Rg2 Kf8 45. Rxg6 Rh7+
46. Kg2 Rg7 47. Rxg7 Kxg7 48. Qg5+ Kf8 49. Qh6+ Ke7 50. Qg7+ Kd8 51. Qf8+ Ne8
52. Kf3 Qg1 53. Ke4 Qg4+ 54. Kd3 Qd1+ 55. Kc3 Qe1+ 56. Kd4 Qg1+ 57. Ke5 Qe3+
58. Be4 Qc5+ 1-0

[Event "I Memorial Oliver Gonzalez Somoza"]
[Site "Madrid ESP"]
[Date "2010.10.11"]
[Round "3.43"]
[White "Nuñez Alonso, Raul"]
[Black "Aziz Ortego, Omar Luis"]
[Result "0-1"]
[WhiteElo "1426"]
[BlackElo "2080"]
[PlyCount "114"]
[EventDate "2010.10.09"]
[EventType "swiss"]
[EventRounds "9"]
[EventCountry "ESP"]
[Source "lmi"]
[SourceDate "2010.10.09"]

1. e4 e6 2. d3 g6 3. Nf3 Bg7 4. g3 d5 5. Nbd2 Ne7 6. Bg2 O-O 7. O-O c5 8. Re1
Nbc6 9. c3 b6 10. e5 Nf5 11. Nf1 d4 12. c4 h6 13. h4 Bd7 14. Bf4 Rb8 15. N1d2
b5 16. b3 bxc4 17. bxc4 Qa5 18. Nb3 Qa3 19. Qd2 Kh7 20. Reb1 Rfc8 21. Qe2 Na5
22. Ne1 Bf8 23. Bd2 Nc6 24. Bf4 Nb4 25. Nc2 Nxc2 26. Qxc2 Qa4 27. Qd2 Rb6 28.
Kh2 Rcb8 29. Rc1 Qa6 30. Kh3 Qc8 31. Rc2 Bc6 32. Qa5 Be7 33. Qd2 Bxh4 34. gxh4
Bxg2+ 35. Kxg2 Qc6+ 36. Kf1 Nxh4 37. Bg3 Qh1+ 38. Ke2 Qf3+ 39. Kf1 Nf5 40. Kg1
Nxg3 41. fxg3 Qxg3+ 42. Kf1 Qxe5 43. Qf2 Kg7 44. Re1 Qc7 45. Rce2 e5 46. Kg1
Rf6 47. Qh2 Rf5 48. Rxe5 Re8 49. Rxe8 Rg5+ 50. Kh1 Qc6+ 51. R1e4 Rh5 52. Qxh5
gxh5 53. Kg1 Qg6+ 54. Kf1 h4 55. Nc1 h3 56. Re2 Qg3 57. Re1 Qf3+ 0-1

[Event "I Memorial Oliver Gonzalez Somoza"]
[Site "Madrid ESP"]
[Date "2010.10.11"]
[Round "3.44"]
[White "Perez Llera, Javier"]
[Black "Cepas Castillo, Juan Carlos"]
[Result "1-0"]
[WhiteElo "2066"]
[BlackElo "1594"]
[PlyCount "49"]
[EventDate "2010.10.09"]
[EventType "swiss"]
[EventRounds "9"]
[EventCountry "ESP"]
[Source "lmi"]
[SourceDate "2010.10.09"]

1. Nf3 Nf6 2. g3 d5 3. Bg2 g6 4. O-O Bg7 5. d4 O-O 6. c4 c6 7. Nc3 e6 8. Re1
Nbd7 9. b3 Re8 10. Bb2 Qc7 11. Rc1 dxc4 12. bxc4 Nb6 13. Qb3 Nbd7 14. d5 exd5
15. cxd5 Nc5 16. Qa3 Qb6 17. dxc6 bxc6 18. Nd2 Ne6 19. Na4 Qd8 20. Nc4 Rb8 21.
Red1 Qe7 22. Bxc6 Qxa3 23. Bxa3 Rd8 24. Bd6 Bb7 25. Na5 1-0

[Event "I Memorial Oliver Gonzalez Somoza"]
[Site "Madrid ESP"]
[Date "2010.10.11"]
[Round "3.50"]
[White "Garcia Martin, Juan Manuel"]
[Black "Montoya Pecurul, Marc"]
[Result "0-1"]
[WhiteElo "2009"]
[BlackElo "1629"]
[PlyCount "83"]
[EventDate "2010.10.09"]
[EventType "swiss"]
[EventRounds "9"]
[EventCountry "ESP"]
[Source "lmi"]
[SourceDate "2010.10.09"]

1. d4 Nf6 2. Nf3 c5 3. c3 cxd4 4. cxd4 g6 5. Nc3 Bg7 6. g3 d6 7. Bg2 O-O 8. O-O
Qb6 9. b3 Re8 10. Bb2 Bd7 11. e4 e5 12. d5 a5 13. Nd2 Rc8 14. Rc1 Na6 15. Nc4
Rxc4 16. bxc4 Qxb2 17. Nb5 Bxb5 18. Rb1 Qd4 19. cxb5 Qxd1 20. Rfxd1 Nc5 21. f3
b6 22. Rdc1 Bh6 23. Rc4 a4 24. Kf1 Be3 25. Ke2 Bd4 26. Rbb4 Ne8 27. f4 f6 28.
Rb1 Nc7 29. fxe5 fxe5 30. Rf1 Nxb5 31. Rf6 Kg7 32. Rf3 Bg1 33. Kf1 Bd4 34. Rb4
Ra5 35. Bh3 Nxe4 36. Kg2 Ng5 37. Rf1 Nxh3 38. Kxh3 Bc5 39. Rc4 Nc7 40. Rc3 Nxd5
41. Rcf3 Ra7 42. g4 0-1